Statistics for Marvel's The Incredible Hulk Characters Quiz

Click here to take the quiz!

General Stats

  • This quiz has been taken 65 times
  • The average score is 4 of 6

Answer Stats

Actor/ActressDescriptionCharacter% Correct
Edward NortonA nuclear physicist who, because of exposure to gamma radiation, transforms into an enormous green humanoid monster when enraged or agitatedBruce Banner/Hulk
100%
Liv TylerA cellular biologist and Bruce's girlfriend, from whom he is separated as a result of his conditionBetty Ross
80%
Tim RothA Russian-born officer in the United Kingdom's Royal Marines Commandos loaned to Gen. Ross who, lusting for the Hulk's power, is injected with various serums to transform into a monster more powerful than the Hulk himselfEmil Blonsky/Abomination
78%
William HurtBetty's arrogant father, who has dedicated himself to capturing the HulkThaddeus "Thunderbolt" Ross
60%
Tim Blake NelsonThe cellular biologist who develops a possible antidote to Banner's conditionSamuel Sterns
35%
Ty BurrellThe psychiatrist in a relationship with Betty during Bruce's absenceLeonard Samson
24%

Score Distribution

Percentile by Number Answered

Percent of People with Each Score

Your Score History

You have not taken this quiz